| 000 | 01056cam a2200337 a 4500 | ||
|---|---|---|---|
| 001 | 1461533 | ||
| 003 | OSt | ||
| 005 | 20140310184439.0 | ||
| 008 | 860718s1987 nyu b 000 1 eng | ||
| 010 | _a 86018684 | ||
| 020 | _a0451527666 (pbk.) | ||
| 040 |
_aDLC _cDLC _dDLC _dOCoLC _dDLC |
||
| 050 | 0 | 0 |
_aPS 3545.H16 _b.Et7 2000 |
| 100 | 1 |
_aWharton, Edith, _d1862-1937. _927447 |
|
| 245 | 1 | 0 |
_aEthan Frome / _cEdith Wharton ; introduction by Doris Grumbach. |
| 260 |
_aNew York, N.Y., U.S.A. : _bPenguin, _c2000. |
||
| 300 |
_a160 p. ; _c19 cm. |
||
| 440 | 0 |
_aPenguin classics _93099 |
|
| 521 | _aG9 | ||
| 526 | _c1160 | ||
| 650 | 0 |
_aTriangles (Interpersonal relations) _vFiction. _927448 |
|
| 650 | 0 |
_aAccident victims _vFiction. _927449 |
|
| 650 | 0 |
_aMarried people _xFiction. _927450 |
|
| 650 | 0 |
_aRural poor _xFiction. _927451 |
|
| 651 | 0 |
_aNew England _yFiction. _927452 |
|
| 655 | 7 |
_aDomestic fiction. _2lcsh _92796 |
|
| 906 |
_a7 _bcbc _corignew _d1 _eocip _f19 _gy-gencatlg |
||
| 942 |
_2lcc _cBK-SCHOLAS |
||
| 999 |
_c34443 _d34443 |
||